[Event "Deutsche Ländermeisterschaft 2022"]
[Site "Wiesbaden GER"]
[Date "2022.10.03"]
[Round "6"]
[White "Krastev, Alexander"]
[Black "Bornholdt, Joa Max"]
[Result "1-0"]
[Termination "normal"]
[Board "1.1"]
[WhiteTitle "IM"]
[WhiteElo "2431"]
[BlackElo "2196"]
[WhiteClock "00:24:30"]
[BlackClock "00:31:52"]
[WhiteTeam "Nordrhein-Westfalen"]
[BlackTeam "Schleswig-Holstein"]
[PlyCount "91"]
[WhiteFideId "12989983"]
[BlackFideId "16253477"]
[EventCountry "GER"]
[EventRounds "7"]
[EventType "team-swiss"]
[EventDate "2022.09.30"]

1. a3 {[%clk 1:30:51]} d5 {[%clk 1:29:28]} 2. Nf3 {[%clk 1:31:09]} Nf6 {[%clk
1:29:52]} 3. e3 {[%clk 1:31:29]} Bf5 {[%clk 1:27:21]} 4. c4 {[%clk 1:30:55]} c6
{[%clk 1:27:31]} 5. Nc3 {[%clk 1:31:07]} e6 {[%clk 1:27:28]} 6. d4 {[%clk
1:31:12]} Bd6 {[%clk 1:26:19]} 7. Bd3 {[%clk 1:12:26]} Bxd3 {[%clk 1:21:28]} 8.
Qxd3 {[%clk 1:12:52]} Nbd7 {[%clk 1:21:48]} 9. e4 {[%clk 1:05:16]} dxe4 {[%clk
1:02:17]} 10. Nxe4 {[%clk 1:05:32]} Nxe4 {[%clk 1:02:41]} 11. Qxe4 {[%clk
1:05:58]} Qf6 {[%clk 1:00:51]} 12. O-O {[%clk 0:58:11]} Qg6 {[%clk 0:58:18]}
13. Qe2 {[%clk 0:57:28]} O-O {[%clk 0:58:39]} 14. Rd1 {[%clk 0:53:27]} Rfd8
{[%clk 0:50:49]} 15. Bg5 {[%clk 0:53:14]} Re8 {[%clk 0:49:09]} 16. Qd3 {[%clk
0:43:43]} Qxd3 {[%clk 0:38:13]} 17. Rxd3 {[%clk 0:44:11]} Bc7 {[%clk 0:38:26]}
18. Rad1 {[%clk 0:42:17]} f6 {[%clk 0:31:09]} 19. Be3 {[%clk 0:42:07]} Kf7
{[%clk 0:31:34]} 20. Kf1 {[%clk 0:30:04]} g5 {[%clk 0:25:35]} 21. h3 {[%clk
0:30:16]} h6 {[%clk 0:24:52]} 22. d5 {[%clk 0:23:09]} exd5 {[%clk 0:24:01]} 23.
cxd5 {[%clk 0:23:34]} cxd5 {[%clk 0:23:28]} 24. Rxd5 {[%clk 0:23:52]} Nb6
{[%clk 0:22:05]} 25. Rc5 {[%clk 0:22:44]} Rac8 {[%clk 0:15:11]} 26. g4 {[%clk
0:22:14]} Bb8 {[%clk 0:10:35]} 27. Rb5 {[%clk 0:20:12]} Re7 {[%clk 0:04:52]}
28. Bc5 {[%clk 0:14:36]} Rec7 {[%clk 0:03:18]} 29. Bxb6 axb6 {[%clk 0:03:44]}
30. Rxb6 {[%clk 0:14:45]} Re7 {[%clk 0:02:19]} 31. Re1 {[%clk 0:13:07]} Rce8
{[%clk 0:01:22]} 32. Rxe7+ {[%clk 0:12:30]} Rxe7 {[%clk 0:01:51]} 33. Rb5
{[%clk 0:12:19]} Ba7 {[%clk 0:01:43]} 34. Nd2 {[%clk 0:11:31]} Kg6 {[%clk
0:01:35]} 35. f3 {[%clk 0:09:04]} Bd4 {[%clk 0:01:52]} 36. b3 {[%clk 0:08:16]}
Rd7 {[%clk 0:01:15]} 37. Ke2 {[%clk 0:08:10]} h5 {[%clk 0:01:29]} 38. a4 {[%clk
0:07:28]} hxg4 {[%clk 0:01:28]} 39. hxg4 {[%clk 0:07:52]} Be5 {[%clk 0:01:47]}
40. Ne4 {[%clk 0:04:50]} Bf4 {[%clk 0:01:37]} 41. Rb6 {[%clk 0:28:01]} Be5
{[%clk 0:31:45]} 42. Nc5 {[%clk 0:26:52]} Rh7 {[%clk 0:32:08]} 43. Rxb7 {[%clk
0:26:44]} Rh2+ {[%clk 0:32:30]} 44. Kd3 {[%clk 0:26:53]} Rf2 {[%clk 0:32:38]}
45. Ne6 {[%clk 0:24:09]} f5 {[%clk 0:31:52]} 46. Nf8+ {[%clk 0:24:30]} 1-0

[Event "Deutsche Ländermeisterschaft 2022"]
[Site "Wiesbaden GER"]
[Date "2022.10.03"]
[Round "6"]
[White "Sommer, Justus"]
[Black "Leonard, Timo"]
[Result "0-1"]
[Termination "normal"]
[Board "1.2"]
[WhiteElo "2122"]
[BlackElo "2067"]
[WhiteClock "00:18:27"]
[BlackClock "00:02:25"]
[WhiteTeam "Schleswig-Holstein"]
[BlackTeam "Nordrhein-Westfalen"]
[PlyCount "130"]
[WhiteFideId "16245008"]
[BlackFideId "16208757"]
[EventCountry "GER"]
[EventRounds "7"]
[EventType "team-swiss"]
[EventDate "2022.09.30"]

1. e4 {[%clk 1:30:49]} c5 {[%clk 1:30:52]} 2. Nf3 {[%clk 1:31:05]} d6 {[%clk
1:31:17]} 3. Bb5+ {[%clk 1:31:21]} Bd7 {[%clk 1:31:28]} 4. Bxd7+ {[%clk
1:31:27]} Nxd7 {[%clk 1:31:48]} 5. O-O {[%clk 1:31:06]} Ngf6 {[%clk 1:32:13]}
6. Re1 {[%clk 1:31:19]} e6 {[%clk 1:31:52]} 7. d4 {[%clk 1:25:41]} cxd4 {[%clk
1:31:51]} 8. Nxd4 {[%clk 1:24:41]} Be7 {[%clk 1:30:57]} 9. c4 {[%clk 1:22:59]}
O-O {[%clk 1:31:07]} 10. Nc3 {[%clk 1:21:32]} a6 {[%clk 1:29:30]} 11. b3 {[%clk
1:19:05]} Qa5 {[%clk 1:23:18]} 12. Bd2 {[%clk 1:17:39]} Qc7 {[%clk 1:15:17]}
13. a4 {[%clk 1:06:33]} Rfe8 {[%clk 1:09:34]} 14. Be3 {[%clk 1:03:32]} Ne5
{[%clk 1:07:18]} 15. f3 {[%clk 1:01:58]} Qa5 {[%clk 0:36:59]} 16. Qd2 {[%clk
0:37:52]} Bd8 {[%clk 0:36:02]} 17. Rab1 {[%clk 0:35:59]} Rc8 {[%clk 0:34:06]}
18. Red1 {[%clk 0:30:55]} Ng6 {[%clk 0:22:06]} 19. Bf2 {[%clk 0:27:13]} Bb6
{[%clk 0:18:29]} 20. Nce2 {[%clk 0:12:18]} Qc5 {[%clk 0:15:44]} 21. b4 {[%clk
0:10:42]} Qc7 {[%clk 0:16:11]} 22. Rbc1 {[%clk 0:11:00]} Ne5 {[%clk 0:14:30]}
23. a5 {[%clk 0:09:11]} Ba7 {[%clk 0:14:58]} 24. b5 {[%clk 0:08:19]} Qe7 {[%clk
0:11:04]} 25. b6 {[%clk 0:08:20]} Bb8 {[%clk 0:11:30]} 26. Qb4 {[%clk 0:07:59]}
Nfd7 27. Nb3 {[%clk 0:07:19]} Nc6 {[%clk 0:07:33]} 28. Qa3 {[%clk 0:06:56]} Qg5
{[%clk 0:06:46]} 29. c5 {[%clk 0:03:56]} d5 {[%clk 0:05:50]} 30. Qb2 {[%clk
0:03:45]} Nf6 {[%clk 0:03:20]} 31. exd5 {[%clk 0:03:14]} Nxd5 {[%clk 0:03:25]}
32. Ng3 {[%clk 0:03:01]} f5 {[%clk 0:02:31]} 33. Qe2 {[%clk 0:01:43]} h5 {[%clk
0:02:12]} 34. Qc4 {[%clk 0:00:52]} h4 {[%clk 0:01:43]} 35. Nf1 {[%clk 0:01:05]}
Ne5 {[%clk 0:01:44]} 36. Qc2 {[%clk 0:00:37]} Nxf3+ {[%clk 0:01:08]} 37. Kh1
{[%clk 0:01:06]} Ne5 {[%clk 0:00:48]} 38. Nd4 {[%clk 0:00:58]} Nf4 {[%clk
0:00:35]} 39. Be3 {[%clk 0:01:12]} Ng4 {[%clk 0:00:36]} 40. Nf3 {[%clk
0:01:20]} Qe7 {[%clk 0:00:33]} 41. Nd4 {[%clk 0:28:11]} Nd5 {[%clk 0:19:05]}
42. Qb3 {[%clk 0:23:24]} Ndxe3 {[%clk 0:16:45]} 43. Nxe3 {[%clk 0:23:43]} Nf2+
{[%clk 0:15:22]} 44. Kg1 {[%clk 0:24:10]} Nxd1 {[%clk 0:15:46]} 45. Rxd1 {[%clk
0:24:06]} Rxc5 {[%clk 0:12:51]} 46. Ndxf5 {[%clk 0:23:15]} Qf7 {[%clk 0:12:04]}
47. Nxh4 {[%clk 0:21:30]} Qf6 {[%clk 0:10:00]} 48. Qb4 {[%clk 0:19:28]} Qc3
{[%clk 0:07:46]} 49. Qxc3 {[%clk 0:19:43]} Rxc3 {[%clk 0:08:09]} 50. Ng4 {[%clk
0:19:39]} Rc4 {[%clk 0:05:27]} 51. h3 {[%clk 0:19:45]} Bg3 {[%clk 0:04:58]} 52.
Nf3 {[%clk 0:19:22]} Rec8 {[%clk 0:04:58]} 53. Kf1 {[%clk 0:19:26]} Rc1 {[%clk
0:05:20]} 54. Rxc1 {[%clk 0:19:43]} Rxc1+ {[%clk 0:05:46]} 55. Ke2 {[%clk
0:20:10]} Ra1 {[%clk 0:04:53]} 56. Ne3 {[%clk 0:19:46]} Rxa5 {[%clk 0:04:47]}
57. Nd4 {[%clk 0:19:26]} Ra2+ {[%clk 0:04:03]} 58. Kd3 {[%clk 0:19:40]} Bf2
{[%clk 0:03:57]} 59. Nc4 {[%clk 0:19:33]} Bxd4 {[%clk 0:03:52]} 60. Kxd4 {[%clk
0:20:00]} Kf8 {[%clk 0:02:48]} 61. g4 {[%clk 0:17:44]} Ke7 {[%clk 0:03:02]} 62.
h4 {[%clk 0:18:05]} Rg2 {[%clk 0:02:09]} 63. Ne3 {[%clk 0:18:25]} Rb2 {[%clk
0:02:10]} 64. Nc4 {[%clk 0:18:40]} Rb5 {[%clk 0:02:24]} 65. h5 {[%clk 0:18:27]}
Kf6 {[%clk 0:02:25]} 0-1

[Event "Deutsche Ländermeisterschaft 2022"]
[Site "Wiesbaden GER"]
[Date "2022.10.03"]
[Round "6"]
[White "Gluma, Christian"]
[Black "Bosselmann, Tom Linus"]
[Result "1-0"]
[Termination "normal"]
[Board "1.3"]
[WhiteElo "2107"]
[BlackElo "2061"]
[WhiteClock "00:01:42"]
[BlackClock "00:12:52"]
[WhiteTeam "Nordrhein-Westfalen"]
[BlackTeam "Schleswig-Holstein"]
[PlyCount "119"]
[WhiteFideId "16223209"]
[BlackFideId "12983845"]
[EventCountry "GER"]
[EventRounds "7"]
[EventType "team-swiss"]
[EventDate "2022.09.30"]

1. e4 {[%clk 1:30:57]} c5 {[%clk 1:30:51]} 2. Nf3 {[%clk 1:31:22]} d6 {[%clk
1:31:17]} 3. d4 {[%clk 1:31:47]} cxd4 {[%clk 1:31:43]} 4. Nxd4 {[%clk 1:32:12]}
Nf6 {[%clk 1:32:08]} 5. Nc3 {[%clk 1:32:34]} g6 {[%clk 1:31:49]} 6. Be3 {[%clk
1:31:34]} Bg7 {[%clk 1:32:13]} 7. f3 {[%clk 1:31:38]} O-O {[%clk 1:32:38]} 8.
Qd2 {[%clk 1:31:45]} Nc6 {[%clk 1:33:03]} 9. O-O-O {[%clk 1:29:46]} d5 {[%clk
1:29:53]} 10. Qe1 {[%clk 1:29:46]} e5 {[%clk 1:28:08]} 11. Nxc6 {[%clk
1:29:57]} bxc6 {[%clk 1:28:31]} 12. exd5 {[%clk 1:30:21]} Nxd5 {[%clk 1:28:03]}
13. Bc4 {[%clk 1:29:42]} Be6 {[%clk 1:28:12]} 14. Kb1 {[%clk 1:28:12]} Rb8
{[%clk 1:04:17]} 15. Bb3 {[%clk 1:19:18]} Qc7 {[%clk 1:01:47]} 16. Bc5 {[%clk
1:15:00]} Rfd8 {[%clk 0:48:42]} 17. Ne4 {[%clk 1:10:03]} a5 {[%clk 0:37:52]}
18. a4 {[%clk 1:02:07]} h6 {[%clk 0:36:54]} 19. Ba3 {[%clk 0:56:16]} Rxb3
{[%clk 0:15:37]} 20. cxb3 {[%clk 0:55:27]} f5 {[%clk 0:15:39]} 21. Nc5 {[%clk
0:50:51]} Bf7 {[%clk 0:15:58]} 22. g4 {[%clk 0:44:05]} Nf4 {[%clk 0:13:21]} 23.
gxf5 {[%clk 0:40:49]} gxf5 {[%clk 0:13:32]} 24. Qh4 {[%clk 0:40:18]} Rxd1+
{[%clk 0:12:19]} 25. Rxd1 {[%clk 0:40:08]} Bd5 {[%clk 0:12:31]} 26. Ka2 {[%clk
0:35:27]} Kh7 {[%clk 0:11:53]} 27. Qf2 {[%clk 0:29:01]} Qf7 {[%clk 0:10:47]}
28. Qe3 {[%clk 0:27:31]} Ne6 {[%clk 0:09:58]} 29. Nxe6 {[%clk 0:27:25]} Qxe6
{[%clk 0:10:25]} 30. Bc5 {[%clk 0:26:46]} Qf6 {[%clk 0:07:03]} 31. Rd2 {[%clk
0:24:13]} Qh4 {[%clk 0:06:55]} 32. Ka1 {[%clk 0:22:04]} f4 {[%clk 0:06:31]} 33.
Qd3+ {[%clk 0:15:18]} Kh8 {[%clk 0:06:04]} 34. Rf2 {[%clk 0:11:50]} Qh3 {[%clk
0:04:00]} 35. Qd1 {[%clk 0:09:04]} Qe6 {[%clk 0:03:27]} 36. Ka2 {[%clk
0:08:57]} e4 {[%clk 0:02:30]} 37. fxe4 {[%clk 0:08:18]} Qxe4 {[%clk 0:02:55]}
38. Ka1 {[%clk 0:04:58]} f3 {[%clk 0:03:21]} 39. Rf1 {[%clk 0:03:04]} Qe5
{[%clk 0:02:19]} 40. Qc2 {[%clk 0:02:38]} Be4 {[%clk 0:02:08]} 41. Qf2 {[%clk
0:00:50]} Qd5 {[%clk 0:25:28]} 42. Ka2 {[%clk 0:28:10]} Qd3 {[%clk 0:24:42]}
43. Rc1 {[%clk 0:25:47]} Be5 {[%clk 0:21:34]} 44. h3 {[%clk 0:16:11]} Bd5
{[%clk 0:13:16]} 45. Qc2 {[%clk 0:15:41]} Qxc2 {[%clk 0:13:42]} 46. Rxc2 {[%clk
0:15:54]} h5 {[%clk 0:12:03]} 47. Ka3 {[%clk 0:06:40]} Bg3 {[%clk 0:11:17]} 48.
b4 {[%clk 0:04:14]} axb4+ {[%clk 0:11:30]} 49. Kxb4 {[%clk 0:04:09]} Be6 {[%clk
0:11:55]} 50. h4 {[%clk 0:03:16]} Be1+ {[%clk 0:12:04]} 51. Ka3 {[%clk
0:03:32]} Bf5 {[%clk 0:12:12]} 52. Rc1 {[%clk 0:02:35]} Bg3 {[%clk 0:12:07]}
53. Rf1 {[%clk 0:02:16]} Bxh4 {[%clk 0:12:19]} 54. Rxf3 {[%clk 0:02:30]} Bg4
{[%clk 0:12:35]} 55. Rf8+ {[%clk 0:01:35]} Kg7 56. a5 {[%clk 0:01:35]} Be2
{[%clk 0:13:06]} 57. Ra8 {[%clk 0:01:25]} Bg3 {[%clk 0:12:00]} 58. a6 {[%clk
0:01:24]} h4 {[%clk 0:12:25]} 59. a7 {[%clk 0:01:27]} h3 {[%clk 0:12:52]} 60.
Bd4+ {[%clk 0:01:42]} 1-0

[Event "Deutsche Ländermeisterschaft 2022"]
[Site "Wiesbaden GER"]
[Date "2022.10.03"]
[Round "6"]
[White "Falke, Ornella"]
[Black "Besou, Hussain"]
[Result "1/2-1/2"]
[Termination "normal"]
[Board "1.4"]
[WhiteElo "1953"]
[BlackElo "2119"]
[WhiteClock "00:02:27"]
[BlackClock "00:19:50"]
[WhiteTeam "Schleswig-Holstein"]
[BlackTeam "Nordrhein-Westfalen"]
[PlyCount "79"]
[WhiteFideId "16207092"]
[BlackFideId "16269950"]
[EventCountry "GER"]
[EventRounds "7"]
[EventType "team-swiss"]
[EventDate "2022.09.30"]

1. d4 {[%clk 1:30:57]} Nf6 {[%clk 1:30:51]} 2. c4 {[%clk 1:31:20]} e6 {[%clk
1:31:15]} 3. g3 {[%clk 1:31:40]} d5 {[%clk 1:30:24]} 4. Bg2 {[%clk 1:31:58]}
Bb4+ {[%clk 1:30:34]} 5. Nd2 {[%clk 1:28:23]} O-O {[%clk 1:30:23]} 6. Ngf3
{[%clk 1:23:52]} b6 {[%clk 1:25:48]} 7. a3 {[%clk 1:22:39]} Be7 {[%clk
1:25:23]} 8. O-O {[%clk 1:22:56]} a5 {[%clk 1:24:25]} 9. Qc2 {[%clk 1:21:22]}
Bb7 {[%clk 1:24:01]} 10. Ne5 {[%clk 1:04:58]} c5 {[%clk 1:05:31]} 11. Rd1
{[%clk 0:53:47]} cxd4 {[%clk 0:55:27]} 12. Ndf3 {[%clk 0:52:16]} Nbd7 {[%clk
0:54:27]} 13. Nxd7 {[%clk 0:40:47]} Qxd7 {[%clk 0:54:19]} 14. cxd5 {[%clk
0:38:51]} Bxd5 {[%clk 0:52:12]} 15. Rxd4 {[%clk 0:36:58]} Bc5 {[%clk 0:50:37]}
16. Rd1 {[%clk 0:34:30]} Rac8 {[%clk 0:46:18]} 17. Qd3 {[%clk 0:33:43]} Ng4
{[%clk 0:42:56]} 18. e3 {[%clk 0:30:18]} Qe7 {[%clk 0:42:23]} 19. h3 {[%clk
0:24:23]} Rfd8 {[%clk 0:41:56]} 20. Qb5 {[%clk 0:21:28]} Nf6 {[%clk 0:38:01]}
21. Bd2 {[%clk 0:15:17]} Ne4 {[%clk 0:33:37]} 22. Be1 {[%clk 0:13:46]} Nd6
{[%clk 0:28:50]} 23. Qe2 {[%clk 0:12:53]} a4 {[%clk 0:27:56]} 24. Bc3 {[%clk
0:12:11]} Bc4 {[%clk 0:27:04]} 25. Qe1 {[%clk 0:12:14]} Nb5 {[%clk 0:26:54]}
26. Rxd8+ {[%clk 0:09:44]} Rxd8 {[%clk 0:26:56]} 27. Ne5 {[%clk 0:10:01]} Bd5
{[%clk 0:27:18]} 28. Nc6 {[%clk 0:09:13]} Bxc6 {[%clk 0:27:34]} 29. Bxc6 {[%clk
0:09:39]} Nxc3 {[%clk 0:27:57]} 30. Qxc3 {[%clk 0:10:04]} Qg5 {[%clk 0:21:00]}
31. Bxa4 {[%clk 0:10:18]} h5 {[%clk 0:20:37]} 32. Rd1 {[%clk 0:07:25]} Rxd1+
{[%clk 0:19:58]} 33. Bxd1 {[%clk 0:07:54]} h4 {[%clk 0:20:17]} 34. g4 {[%clk
0:08:06]} Qd5 {[%clk 0:20:34]} 35. Be2 {[%clk 0:07:26]} Bd6 {[%clk 0:19:37]}
36. Qd4 {[%clk 0:05:15]} Qxd4 {[%clk 0:18:41]} 37. exd4 {[%clk 0:05:42]} Bf4
{[%clk 0:19:06]} 38. a4 {[%clk 0:04:10]} Bc1 {[%clk 0:19:31]} 39. b3 {[%clk
0:03:23]} Bb2 {[%clk 0:19:50]} 40. f4 {[%clk 0:02:27]} 1/2-1/2

[Event "Deutsche Ländermeisterschaft 2022"]
[Site "Wiesbaden GER"]
[Date "2022.10.03"]
[Round "6"]
[White "Rudolph, Eva"]
[Black "Malinowsky, Levi"]
[Result "1-0"]
[Termination "normal"]
[Board "1.5"]
[WhiteElo "1911"]
[BlackElo "1879"]
[WhiteClock "00:07:07"]
[BlackClock "00:05:30"]
[WhiteTeam "Nordrhein-Westfalen"]
[BlackTeam "Schleswig-Holstein"]
[PlyCount "47"]
[WhiteFideId "16200594"]
[BlackFideId "16253094"]
[EventCountry "GER"]
[EventRounds "7"]
[EventType "team-swiss"]
[EventDate "2022.09.30"]

1. e4 {[%clk 1:30:59]} c5 {[%clk 1:30:54]} 2. Nf3 {[%clk 1:31:17]} d6 {[%clk
1:31:14]} 3. d4 {[%clk 1:31:41]} cxd4 {[%clk 1:31:36]} 4. Nxd4 {[%clk 1:32:05]}
Nf6 {[%clk 1:31:51]} 5. Nc3 {[%clk 1:32:29]} a6 {[%clk 1:32:17]} 6. a3 {[%clk
1:32:21]} e6 {[%clk 1:24:28]} 7. f4 {[%clk 1:30:56]} Qc7 {[%clk 1:23:25]} 8.
Bd3 {[%clk 1:30:19]} Be7 {[%clk 1:22:39]} 9. O-O {[%clk 1:24:58]} O-O {[%clk
1:20:45]} 10. Qe2 {[%clk 1:21:41]} Nbd7 {[%clk 1:19:05]} 11. Kh1 {[%clk
1:17:57]} b5 {[%clk 1:17:53]} 12. Bd2 {[%clk 1:17:02]} Re8 {[%clk 1:12:30]} 13.
Rae1 {[%clk 1:15:41]} Bb7 {[%clk 1:08:04]} 14. e5 {[%clk 1:11:36]} Nd5 {[%clk
1:05:26]} 15. Qg4 {[%clk 0:42:48]} Nxc3 {[%clk 0:53:53]} 16. Bxc3 {[%clk
0:43:09]} Bf8 {[%clk 0:45:45]} 17. Nf3 {[%clk 0:27:21]} g6 {[%clk 0:40:22]} 18.
Ng5 {[%clk 0:24:44]} Bg7 {[%clk 0:36:25]} 19. Re3 {[%clk 0:16:42]} Nc5 {[%clk
0:18:37]} 20. Rh3 {[%clk 0:15:26]} h5 {[%clk 0:15:52]} 21. Rxh5 {[%clk
0:10:42]} Nxd3 {[%clk 0:09:27]} 22. Rh7 {[%clk 0:09:48]} Nxb2 {[%clk 0:06:55]}
23. Qh3 {[%clk 0:07:43]} Na4 {[%clk 0:05:30]} 24. Rxg7+ {[%clk 0:07:07]} 1-0

[Event "Deutsche Ländermeisterschaft 2022"]
[Site "Wiesbaden GER"]
[Date "2022.10.03"]
[Round "6"]
[White "Bräutigam, Katerina"]
[Black "Möller, Maurin"]
[Result "0-1"]
[Termination "normal"]
[Board "1.6"]
[WhiteElo "1873"]
[BlackElo "1936"]
[WhiteClock "00:00:33"]
[BlackClock "00:14:53"]
[WhiteTeam "Schleswig-Holstein"]
[BlackTeam "Nordrhein-Westfalen"]
[PlyCount "80"]
[WhiteFideId "16242980"]
[BlackFideId "16265696"]
[EventCountry "GER"]
[EventRounds "7"]
[EventType "team-swiss"]
[EventDate "2022.09.30"]

1. e4 {[%clk 1:30:58]} c5 {[%clk 1:30:53]} 2. Nc3 {[%clk 1:31:23]} e6 {[%clk
1:31:09]} 3. g3 {[%clk 1:31:46]} Nc6 {[%clk 1:31:13]} 4. Bg2 {[%clk 1:32:09]}
Nf6 {[%clk 1:31:13]} 5. d3 {[%clk 1:32:24]} a6 {[%clk 1:27:25]} 6. f4 {[%clk
1:30:30]} d5 {[%clk 1:26:45]} 7. e5 {[%clk 1:30:21]} Nd7 {[%clk 1:26:56]} 8. a4
{[%clk 1:29:08]} Rb8 {[%clk 1:25:39]} 9. Nf3 {[%clk 1:27:20]} b5 {[%clk
1:24:23]} 10. axb5 {[%clk 1:25:36]} axb5 {[%clk 1:24:50]} 11. Qe2 {[%clk
1:17:52]} Be7 {[%clk 1:17:29]} 12. O-O {[%clk 1:16:28]} Qb6 {[%clk 1:14:06]}
13. Kh1 {[%clk 1:12:39]} O-O {[%clk 1:12:19]} 14. f5 {[%clk 1:03:40]} d4 {[%clk
1:10:35]} 15. fxe6 {[%clk 0:55:38]} fxe6 {[%clk 1:10:26]} 16. Nd1 {[%clk
0:54:47]} Bb7 {[%clk 1:10:19]} 17. Bf4 {[%clk 0:50:05]} h6 {[%clk 1:08:40]} 18.
Nf2 {[%clk 0:45:51]} g5 {[%clk 1:06:49]} 19. Bd2 {[%clk 0:42:47]} Qc7 {[%clk
1:05:41]} 20. Rae1 {[%clk 0:35:10]} Rf5 {[%clk 1:02:45]} 21. g4 {[%clk
0:26:58]} Rf7 {[%clk 1:02:58]} 22. Kg1 {[%clk 0:22:28]} Rbf8 {[%clk 1:02:26]}
23. Nh1 {[%clk 0:16:56]} Bd8 {[%clk 0:49:42]} 24. h4 {[%clk 0:09:42]} gxh4
{[%clk 0:41:30]} 25. Bxh6 {[%clk 0:09:16]} h3 {[%clk 0:41:24]} 26. Bxh3 {[%clk
0:09:09]} Rxf3 {[%clk 0:41:42]} 27. Rxf3 {[%clk 0:09:05]} Rxf3 {[%clk 0:42:04]}
28. Qxf3 {[%clk 0:09:16]} Ncxe5 {[%clk 0:42:27]} 29. Qe2 {[%clk 0:07:09]} Nf3+
{[%clk 0:42:31]} 30. Kf1 {[%clk 0:05:59]} Nxe1 {[%clk 0:37:26]} 31. Qxe1 {[%clk
0:02:48]} Nf8 {[%clk 0:17:42]} 32. Bg2 {[%clk 0:01:34]} Qh2 {[%clk 0:15:08]}
33. Bxb7 {[%clk 0:01:28]} Qxh6 {[%clk 0:15:31]} 34. Nf2 {[%clk 0:00:40]} Bh4
{[%clk 0:15:13]} 35. Bc6 {[%clk 0:00:35]} b4 {[%clk 0:15:21]} 36. Bf3 {[%clk
0:00:41]} Qf4 {[%clk 0:15:01]} 37. Qd1 {[%clk 0:00:40]} Ng6 {[%clk 0:14:44]}
38. Nh3 {[%clk 0:00:37]} Qg3 {[%clk 0:14:33]} 39. Bg2 {[%clk 0:00:52]} Nf4
{[%clk 0:14:53]} 40. Qa1 {[%clk 0:00:33]} Qxg2# 0-1

[Event "Deutsche Ländermeisterschaft 2022"]
[Site "Wiesbaden GER"]
[Date "2022.10.03"]
[Round "6"]
[White "Trunz, Michelle"]
[Black "Guo, Philipp Ziming"]
[Result "1-0"]
[Termination "normal"]
[Board "1.7"]
[WhiteElo "1821"]
[BlackElo "1851"]
[WhiteClock "00:12:41"]
[BlackClock "00:21:06"]
[WhiteTeam "Nordrhein-Westfalen"]
[BlackTeam "Schleswig-Holstein"]
[PlyCount "107"]
[WhiteFideId "16227980"]
[BlackFideId "16245199"]
[EventCountry "GER"]
[EventRounds "7"]
[EventType "team-swiss"]
[EventDate "2022.09.30"]

1. d4 {[%clk 1:30:58]} Nf6 {[%clk 1:30:52]} 2. c4 {[%clk 1:31:23]} e6 {[%clk
1:31:15]} 3. Nc3 {[%clk 1:31:43]} Bb4 {[%clk 1:31:32]} 4. e3 {[%clk 1:32:00]}
b6 {[%clk 1:31:46]} 5. Nge2 {[%clk 1:32:12]} c5 {[%clk 1:31:40]} 6. a3 {[%clk
1:30:18]} Ba5 {[%clk 1:32:01]} 7. Bd2 {[%clk 1:27:56]} O-O {[%clk 1:28:30]} 8.
Rb1 {[%clk 1:25:32]} Qe7 {[%clk 1:25:40]} 9. Ng3 {[%clk 1:17:47]} cxd4 {[%clk
1:09:24]} 10. exd4 {[%clk 1:18:05]} Bxc3 {[%clk 1:09:41]} 11. Bxc3 {[%clk
1:18:18]} Nc6 {[%clk 1:08:52]} 12. Bd3 {[%clk 1:15:15]} d5 {[%clk 1:06:06]} 13.
O-O {[%clk 1:14:59]} Rd8 {[%clk 1:01:43]} 14. Re1 {[%clk 1:09:11]} Ba6 {[%clk
0:57:29]} 15. Qa4 {[%clk 1:04:18]} dxc4 {[%clk 0:54:37]} 16. Bxh7+ {[%clk
1:01:03]} Nxh7 {[%clk 0:51:25]} 17. Qxa6 {[%clk 1:00:16]} Rac8 {[%clk 0:48:03]}
18. d5 {[%clk 0:53:01]} Nb8 {[%clk 0:47:33]} 19. Qb5 {[%clk 0:50:50]} Rc5
{[%clk 0:45:02]} 20. Qa4 {[%clk 0:50:17]} b5 {[%clk 0:41:51]} 21. Qc2 {[%clk
0:50:11]} Rcxd5 {[%clk 0:40:19]} 22. Nf5 {[%clk 0:48:09]} Qg5 {[%clk 0:38:07]}
23. Nxg7 {[%clk 0:44:46]} Nf6 {[%clk 0:35:20]} 24. Nxe6 {[%clk 0:28:46]} fxe6
{[%clk 0:35:43]} 25. Rxe6 {[%clk 0:26:39]} Nbd7 {[%clk 0:28:21]} 26. Rbe1
{[%clk 0:18:52]} Kf7 {[%clk 0:20:21]} 27. Re7+ {[%clk 0:15:49]} Kf8 {[%clk
0:20:50]} 28. Qe2 {[%clk 0:14:48]} Qg6 {[%clk 0:12:31]} 29. Qe6 {[%clk
0:11:03]} Qg8 {[%clk 0:07:10]} 30. Bxf6 {[%clk 0:09:39]} Qxe6 {[%clk 0:07:38]}
31. R7xe6 {[%clk 0:09:56]} Nxf6 {[%clk 0:07:53]} 32. Rxf6+ {[%clk 0:10:23]} Kg7
{[%clk 0:08:18]} 33. Ra6 {[%clk 0:08:24]} Rd2 {[%clk 0:08:42]} 34. Rxa7+ {[%clk
0:08:46]} Kf6 {[%clk 0:08:56]} 35. a4 {[%clk 0:08:33]} Rxb2 {[%clk 0:08:41]}
36. axb5 {[%clk 0:06:58]} c3 {[%clk 0:09:01]} 37. Raa1 {[%clk 0:06:25]} Rdd2
{[%clk 0:08:08]} 38. Rf1 {[%clk 0:06:03]} Rxb5 {[%clk 0:07:25]} 39. Rac1 {[%clk
0:06:08]} c2 {[%clk 0:07:21]} 40. g3 {[%clk 0:06:20]} Re5 {[%clk 0:06:02]} 41.
Kg2 {[%clk 0:06:05]} Kf5 {[%clk 0:03:56]} 42. h3 {[%clk 0:05:39]} Re4 {[%clk
0:02:19]} 43. Ra1 {[%clk 0:02:27]} Red4 {[%clk 0:01:32]} 44. Ra5+ {[%clk
0:01:47]} Kg6 {[%clk 0:30:08]} 45. Rc5 {[%clk 0:31:16]} Re4 {[%clk 0:30:10]}
46. Rc6+ {[%clk 0:24:34]} Kg5 {[%clk 0:29:45]} 47. Ra1 {[%clk 0:22:12]} Re5
{[%clk 0:29:35]} 48. Ra4 {[%clk 0:18:08]} Kf5 {[%clk 0:23:38]} 49. g4+ {[%clk
0:15:42]} Kg5 {[%clk 0:23:55]} 50. Kg3 {[%clk 0:15:22]} Re6 {[%clk 0:19:51]}
51. Rxe6 {[%clk 0:11:38]} Rd3+ {[%clk 0:20:17]} 52. f3 {[%clk 0:11:57]} Rxf3+
{[%clk 0:20:42]} 53. Kxf3 {[%clk 0:12:23]} c1=Q {[%clk 0:21:06]} 54. Ra5+
{[%clk 0:12:41]} 1-0